00764nam a2200241 a 450000100060000000300080000600500170001400800410003103500190007204000320009104100080012308200280013110000180015924500530017726000780023030000290030849000370033750000200037450400300039465000350042465000260045983000370048565648BD-RjUL20211209081440.0170309s1963 enkabe b 001 0 eng d a(BD-RjUL)65778 aLDLcLDLdUKMdBD-RjULbeng aeng 223a720.91767bHOW 19631 aHoag, John D.10aWestern Islamic architecture /cby John D. Hoag. aLondon :bPrentice-Hall International ;aNew York :bG. Braziller,c1963. a128 p. :bill. ;c26 cm. aGreat ages of world architecture aIncludes index. aBibliography: p. 119-121. 0aIslamic architecturexHistory. 0aIslamic architecture. 0aGreat ages of world architecture